LDR 00870naa#a2200181#i#450# 001 RU\\bibl\122565 005 20260603074325.3 011 ## _a2304-9707 100 ## _a20260519b2026####ek#y0rusy0150####ca 101 0# _aRUS 102 ## _aRU 200 1# _aКлинико-психологические детерминанты и типологические характеристики зависимости от электронных систем доставки никотина у лиц молодого возраста _eЖурнальная статья 210 1# _aМосква _cООО Издательство «Логос Пресс» _d2026 215 ## _a6 с. 608 ## _aЖурнальная статья _2local 686 ## _aКлиническая медицина. 76.29 _2grnti 700 #1 _aСвердлова _gАнна Ивановна 856 4# _alogospress.editorum.ru _u